Gorillaz World Tour 2022 Cities - Statistics

General Stats
  • This quiz has been taken 23 times
  • The average score is 12 of 32
Answers on the Map
Answers color-coded by a green-red scale on the quiz's map according to % correct below.
 
Answer Stats
City % Correct
London
84%
Paris
79%
Barcelona
74%
Dublin
74%
Oslo
68%
Sydney
68%
Porto
63%
Santiago
63%
Helsinki
58%
Las Vegas
58%
Rio De Janeiro
58%
Stockholm
58%
Berlin
53%
Bogota
53%
Buenos Aires
53%
Melbourne
53%
Montevideo
53%
São Paulo
53%
Adelaide
47%
Monterrey
37%
Nîmes
11%
Curitiba
5%
Skanderborg
5%
Vienne
5%
Beubingen
0%
Bonțida
0%
Byron Bay
0%
Esch-sur-Alzette
0%
Koln
0%
Querétaro City
0%
Verona
0%
Werchter
0%
No matching quizzes found
Score Distribution
Percent of People with Each Score
Percentile by Number Answered
Your Score History
You have not taken this quiz